|
|
|
|
| LEADER |
00781nam a2200193 i 4500 |
| 001 |
acta43874 |
| 005 |
20230331130406.0 |
| 008 |
170109s1971 hu o 0|| hun d |
| 040 |
|
|
|a SZTE Egyetemi Kiadványok Repozitórium
|b hun
|
| 041 |
|
|
|a hun
|
| 100 |
1 |
|
|a Nussbächer Gernot
|
| 245 |
1 |
0 |
|a Adatok Gyulafi Lestár utazásaihoz
|h [elektronikus dokumentum] /
|c Nussbächer Gernot
|
| 260 |
|
|
|a Szegedi Városi Nyomda
|b Szeged
|c 1971
|
| 300 |
|
|
|a p. 37-42.
|c 24 cm
|
| 490 |
0 |
|
|a Irodalomtörténeti Dolgozatok
|v 67
|
| 650 |
|
4 |
|a Bölcsészettudományok
|
| 650 |
|
4 |
|a Nyelvek és irodalom
|
| 695 |
|
|
|a Gyulai Lestár, Magyar irodalom története - 16-17. sz., Földrajzi felfedezések - magyar - 16-17. sz. - adattár
|
| 856 |
4 |
0 |
|u http://acta.bibl.u-szeged.hu/43874/1/itd_067.pdf
|z Dokumentum-elérés
|